Existencia y fin de la persona humana en el Proyecto de unificación del Código Civil y Comercial de la Nación del año 2012 (Registro nro. 25298)

Detalles MARC
000 -LEADER
fixed length control field 00497 a2200121 4500
001 - CONTROL NUMBER
control field ART_10770
005 - DATE AND TIME OF LATEST TRANSACTION
control field 20260410161854.0
008 - FIXED-LENGTH DATA ELEMENTS--GENERAL INFORMATION
fixed length control field 260409a
100 1# - MAIN ENTRY--PERSONAL NAME
Personal name Jauregui, Andrea C.
245 10 - TITLE STATEMENT
Title Existencia y fin de la persona humana en el Proyecto de unificación del Código Civil y Comercial de la Nación del año 2012
700 1# - ADDED ENTRY--PERSONAL NAME
Personal name Mac Donnell, Eduardo J.
773 0# - HOST ITEM ENTRY
Title Derecho privado
Related parts Reforma del Código Civil I. Aspectos generales - Año I, Nº 2 (sep. 2012)
Record control number REV10455

No hay ítems disponibles.